Towards a new theatre : the lectures of Robert Edmond Jones /

Bibliographic Details
Main Author: Jones, Robert Edmond, 1887-1954
Other Authors: Unruh, Delbert
Format: Book
Language:English
Published: New York : Limelight Editions, 1992.
Edition:1st Limelight ed.
Subjects:

MARC

Tag First Indicator Second Indicator Subfields
LEADER 00000cam a2200000 a 4500
001 in00001069795
005 20150929101610.0
008 911003s1992 nyua b 000 0 eng
010 |a  91037925  
020 |a 0879101520 :  |c $8.95 
035 |a (OCoLC)24669812 
035 |9 AFP2099AM 
040 |a DLC  |c DLC  |d TXA  |d UtOrBLW 
043 |a n-us--- 
049 |a TXAM 
050 0 0 |a PN1995.25  |b .J6 1992 
082 0 0 |a 792/.0973  |2 20 
100 1 |a Jones, Robert Edmond,  |d 1887-1954. 
245 1 0 |a Towards a new theatre :  |b the lectures of Robert Edmond Jones /  |c transcribed and edited with an introduction and commentary by Delbert Unruh. 
250 |a 1st Limelight ed. 
264 1 |a New York :  |b Limelight Editions,  |c 1992. 
300 |a x, 112 pages :  |b illustrations ;  |c 21 cm. 
336 |a text  |b txt  |2 rdacontent 
337 |a unmediated  |b n  |2 rdamedia 
338 |a volume  |b nc  |2 rdacarrier 
504 |a Includes bibliographical references (pages [109]-112). 
650 0 |a Motion pictures and theater. 
650 0 |a Theater  |z United States. 
700 1 |a Unruh, Delbert. 
999 |a MARS 
999 f f |s 551f8aea-a6ba-3852-8801-d51e6475f32b  |i cf589827-6a60-38b5-9078-deedd62475b8  |t 0 
952 f f |p ric  |a Texas A&M University  |b Rellis Campus  |c Joint Library Facility  |d Remote Storage  |t 0  |e PN1995.25 .J6 1992  |h Library of Congress classification  |i unmediated -- volume  |m A14815702892 
998 f f |a PN1995.25 .J6 1992  |t 0  |l Remote Storage